Madness in the method (Record no. 68982)

MARC details
000 -LEADER
fixed length control field 01370cam a2200253 4500
001 - CONTROL NUMBER
control field ABS64827
008 - FIXED-LENGTH DATA ELEMENTS--GENERAL INFORMATION
fixed length control field 011203n2001 000 0 eng u
035 ## - SYSTEM CONTROL NUMBER
System control number (Sirsi) u115809
100 ## - MAIN ENTRY--PERSONAL NAME
Personal name Knight, S.
245 ## - TITLE STATEMENT
Title Madness in the method
260 ## - PUBLICATION, DISTRIBUTION, ETC.
Date of publication, distribution, etc. 2001
490 ## - SERIES STATEMENT
Series statement Estates Gazette
Volume/sequential designation (0145) 10 November 2001, 136(1)
520 ## - SUMMARY, ETC.
Summary, etc. The case of "Lady Manor Ltd v Fat Cat Café Bars Ltd" (West London County Court, Abs64439) has created much interest and also prompted a fresh look at the methods used by agents. The main point arising from the "Fat Cat" case is that agents cannot provide unsolicited information and then demand payment. The article states that agents should make it clear that they want to effect an introduction and that they are acting on behalf of the prospective tenant or purchaser. Suggests a series of steps that should be taken to ensure that each party is clear about the services being provided. Concludes with a look at how many retailers and leisure operators are frustrated by the methods used by introducing agents
590 ## - LOCAL NOTE (RLIN)
Local note ABS
650 ## - SUBJECT ADDED ENTRY--TOPICAL TERM
Topical term or geographic name entry element LADY MANOR LTD V FAT CAT CAFE BARS
650 ## - SUBJECT ADDED ENTRY--TOPICAL TERM
Topical term or geographic name entry element INTRODUCTORY FEES
650 ## - SUBJECT ADDED ENTRY--TOPICAL TERM
Topical term or geographic name entry element ESTATE AGENTS
650 ## - SUBJECT ADDED ENTRY--TOPICAL TERM
Topical term or geographic name entry element NON-RETAINED AGENTS
650 ## - SUBJECT ADDED ENTRY--TOPICAL TERM
Topical term or geographic name entry element COMMISSIONS
650 ## - SUBJECT ADDED ENTRY--TOPICAL TERM
Topical term or geographic name entry element ENTITLEMENT
650 ## - SUBJECT ADDED ENTRY--TOPICAL TERM
Topical term or geographic name entry element PROPERTY TRANSACTIONS
690 ## - LOCAL SUBJECT ADDED ENTRY--TOPICAL TERM (OCLC, RLIN)
Topical term or geographic name as entry element PROPERTY AND LAND LAW-AGENCY
942 ## - ADDED ENTRY ELEMENTS (KOHA)
Suppress in OPAC 0
Holdings
Withdrawn status Lost status Source of classification or shelving scheme Damaged status Not for loan Home library Current library Shelving location Date acquired Total Checkouts Full call number Barcode Date last seen Copy number Price effective from Koha item type
    Dewey Decimal Classification     London London Journal article 03/12/2001   ABS64827 115809-1001 06/08/2019 1 06/08/2019 Journal article